Альбом костюмированного бала в Зимнем дворце в феврале 1903 г. (Запись № 7597737)

Подробности
000 -МАРКЕР
контрольное поле 02126nam1a2200397 i 4500
001 - ИДЕНТИФИКАТОР ЗАПИСИ
контрольное поле RU\NLR\BIBL_A\05121438
005 - ИДЕНТИФИКАТОР ВЕРСИИ
контрольное поле 20260406161751.0
035 ## - ДРУГИЕ СИСТЕМНЫЕ НОМЕРА
Идентификатор записи (NLR Aleph) 005121438
100 ## - ДАННЫЕ ОБЩЕЙ ОБРАБОТКИ
Данные общей обработки 20081111d1904 m y0rusy50 ca
101 0# - ЯЗЫК РЕСУРСА
Язык текста, звукозаписи и т.д. русский
-- французский
102 ## - СТРАНА ПУБЛИКАЦИИ ИЛИ ПРОИЗВОДСТВА
Страна публикации российская федерация
105 ## - ПОЛЕ КОДИРОВАННЫХ ДАННЫХ: ТЕКСТОВЫЕ МАТЕРИАЛЫ, МОНОГРАФИЧЕСКИЕ
Кодированные данные о монографическом текстовом документе c z z
200 1# - ЗАГЛАВИЕ И СВЕДЕНИЯ ОБ ОТВЕТСТВЕННОСТИ
Основное заглавие Альбом костюмированного бала в Зимнем дворце в феврале 1903 г.
Параллельное заглавие Album du bal costumé au Palais d'hiver février 1903
Сведения, относящиеся к заглавию 21 гелиогравюра и 174 светопечати
-- [в 10 вып.]
Язык параллельного заглавия французский
210 ## - ПУБЛИКАЦИЯ, РАСПРОСТРАНЕНИЕ И ДР.
Место издания, распространения и т.д. С.-Петербург
Имя издателя, распространителя и т. д. Экспедиция заготовления государственных бумаг
Дата издания, распространения и т.д. 1904
215 ## - ФИЗИЧЕСКАЯ ХАРАКТЕРИСТИКА
Размеры 48
300 ## - ОБЩИЕ ПРИМЕЧАНИЯ
Текст примечания На обл.: В пользу русских воинов на Дальнем Востоке
300 ## - ОБЩИЕ ПРИМЕЧАНИЯ
Текст примечания Поясн. текст парал. на рус. и фр. яз.
316 ## - ПРИМЕЧАНИЯ ОБ ОСОБЕННОСТЯХ ЭКЗЕМПЛЯРА
Текст примечания Экз. РНБ на шифре 37.9.1-2.10 (1-10) переплетены в 2 тома по 5 выпусков
Организация и экземпляр, к которому относится поле NLR: 37.9.1-2.10 (1-10)
510 1# - ПАРАЛЛЕЛЬНОЕ ЗАГЛАВИЕ
Язык заглавия французский
Параллельное заглавие Album du bal costumé au Palais d'hiver février 1903
606 1# - НАИМЕНОВАНИЕ ТЕМЫ КАК ПРЕДМЕТ
Наименование темы Балы
Формальный подзаголовок Альбомы
Географический подзаголовок Санкт-Петербург, город
Хронологический подзаголовок 1903
Системный номер авторитетной/нормативной записи 2308780
Идентификатор авторитетной/нормативной записи RU\NLR\AUTH\661381877
606 ## - НАИМЕНОВАНИЕ ТЕМЫ КАК ПРЕДМЕТ
Наименование темы Костюм
Формальный подзаголовок Альбомы
Тематический подзаголовок в фотографии художественной русской
Хронологический подзаголовок 19 - 20 вв.
Системный номер авторитетной/нормативной записи 2312454
Идентификатор авторитетной/нормативной записи RU\NLR\AUTH\6601609409
606 1# - НАИМЕНОВАНИЕ ТЕМЫ КАК ПРЕДМЕТ
Наименование темы Костюм карнавальный русский
Формальный подзаголовок Альбомы
Географический подзаголовок Санкт-Петербург, город
Хронологический подзаголовок 1903
Системный номер авторитетной/нормативной записи 2312479
Идентификатор авторитетной/нормативной записи RU\NLR\AUTH\6601609421
620 ## - МЕСТО И ДАТА ПУБЛИКАЦИИ, ИСПОЛНЕНИЯ И Т. Д.
Страна RU
Город Санкт-Петербург
686 1# - ИНДЕКСЫ ДРУГИХ КЛАССИФИКАЦИЙ
Индекс Т3(2)52-75я61
686 1# - ИНДЕКСЫ ДРУГИХ КЛАССИФИКАЦИЙ
Индекс Щ163(2Р=Рус)53-3я61
686 0# - ИНДЕКСЫ ДРУГИХ КЛАССИФИКАЦИЙ
Индекс Щ126.643(2Р=Рус)53-629Санкт-Петербург
Код системы
711 02 - НАИМЕНОВАНИЕ ОРГАНИЗАЦИИ - АЛЬТЕРНАТИВНАЯ ОТВЕТСТВЕННОСТЬ
Начальный элемент ввода Зимний дворец
Идентифицирующий признак Петербург
Идентификатор авторитетной/нормативной записи RU\NLR\AUTH\889933139
Системный номер авторитетной/нормативной записи 361460
801 #0 - ИСТОЧНИК ЗАПИСИ
Страна российская федерация
Организация NLR
Правила каталогизации psbo
801 #1 - ИСТОЧНИК ЗАПИСИ
Страна российская федерация
Организация ProSoft-M
Источник данных rusmarc
801 #2 - ИСТОЧНИК ЗАПИСИ
Страна российская федерация
Организация NLR
Дата составления 20170117
Источник данных rusmarc
852 ## - МЕСТОНАХОЖДЕНИЕ И ШИФР ХРАНЕНИЯ
Идентификатор организации NLR
Шифр хранения (Call Number) 37.9.1-2.10 (1-10)
942 ## - ДОПОЛНИТЕЛЬНЫЕ ЭЛЕМЕНТЫ ЗАПИСИ (АБИС)
Тип экземпляра АБИС Книга

Нет доступных экземпляров.